[Event "DEM U12/U12w 2003"]
[Site "Willingen GER"]
[Date "2003.06.12"]
[Round "8"]
[White "Schroer, Claus"]
[Black "Yao, Kelvin"]
[Result "1-0"]
[Termination "normal"]
[Board "25"]
[WhiteElo "1475"]
[BlackElo "1426"]
[PlyCount "87"]
[EventCountry "GER"]
[EventRounds "11"]
[EventType "swiss"]
[EventDate "2003.06.07"]

1. e4 c6 2. d4 d5 3. Nc3 dxe4 4. Nxe4 Nd7 5. Nf3 Ngf6 6. Nxf6+ Nxf6 7. Bc4 e6
8. c3 c5 9. O-O cxd4 10. Nxd4 Bd6 11. Re1 O-O 12. Bg5 Bxh2+ 13. Kxh2 Qc7+ 14.
g3 Qxc4 15. Bxf6 gxf6 16. Rh1 Qd5 17. Kg1 b6 18. Qc2 f5 19. Qe2 Bb7 20. f3 Qd7
21. Qh2 f6 22. Nxe6 Rf7 23. Nd4 Rg7 24. Kf2 Re8 25. Rad1 Qd5 26. Qh5 Qe5 27.
Rh3 Qe3+ 28. Kg2 Qe7 29. Qxf5 Qf7 30. Rhh1 Qg6 31. Qxg6 Rxg6 32. Rhe1 Kf7 33.
Rxe8 Kxe8 34. Nb5 Ke7 35. Nxa7 f5 36. Nb5 f4 37. g4 Rxg4+ 38. Kf2 Rg3 39. Nd4
Kf6 40. Rh1 Kg6 41. Rh4 h5 42. Rxf4 Kg5 43. Kxg3 h4+ 44. Rxh4 1-0

[Event "DEM U12/U12w 2003"]
[Site "Willingen GER"]
[Date "2003.06.12"]
[Round "8"]
[White "Falke, Isaak"]
[Black "Park, Johannes"]
[Result "1-0"]
[Termination "normal"]
[Board "26"]
[WhiteElo "1460"]
[BlackElo "1396"]
[PlyCount "147"]
[WhiteFideId "24614483"]
[EventCountry "GER"]
[EventRounds "11"]
[EventType "swiss"]
[EventDate "2003.06.07"]

1. d4 Nf6 2. Nf3 g6 3. Bf4 Bg7 4. Nbd2 d6 5. e4 O-O 6. Bd3 Nbd7 7. O-O c5 8. c3
a6 9. a4 b6 10. Re1 Nh5 11. Be3 Bb7 12. Qe2 Qc7 13. Rad1 Rfe8 14. Kh1 a5 15.
Rg1 Rad8 16. h3 Nf8 17. Bb5 Bc6 18. d5 Bxb5 19. Qxb5 Nd7 20. Rge1 Ne5 21. Nxe5
Bxe5 22. Nc4 Rb8 23. Nxe5 dxe5 24. Kh2 Nf4 25. g3 Nh5 26. Qe2 Kg7 27. c4 Qd6
28. Qd2 Rbd8 29. Kg2 Qf6 30. Bg5 Qd6 31. Rh1 Nf6 32. Qd3 h6 33. Bc1 g5 34. Qe3
Rh8 35. Rh2 Rh7 36. Rdh1 Rdh8 37. Qf3 Qd7 38. b3 Ne8 39. h4 f6 40. hxg5 hxg5
41. Rxh7+ Rxh7 42. Rxh7+ Kxh7 43. Qh5+ Kg7 44. f4 exf4 45. gxf4 g4 46. f5 Qc8
47. Qh6+ Kg8 48. Qg6+ Kh8 49. Qxg4 Ng7 50. Bh6 Qg8 51. Kf3 Ne8 52. Qxg8+ Kxg8
53. Kf4 Kf7 54. e5 fxe5+ 55. Kxe5 Nd6 56. Bg5 Ne8 57. Bh4 Nc7 58. d6 exd6+ 59.
Kxd6 Ne8+ 60. Kc6 Nf6 61. Bxf6 Kxf6 62. Kxb6 Kxf5 63. Kxc5 Ke6 64. Kb6 Kd7 65.
c5 Kc8 66. Kc6 Kb8 67. Kd7 Ka7 68. c6 Kb6 69. c7 Kb7 70. c8=Q+ Ka7 71. Qc5+ Ka8
72. Qb5 Ka7 73. Kc7 Ka8 74. Qb7# 1-0

[Event "DEM U12/U12w 2003"]
[Site "Willingen GER"]
[Date "2003.06.12"]
[Round "8"]
[White "Geis, Raoul-Marian"]
[Black "Collmann, Martin"]
[Result "0-1"]
[Termination "normal"]
[Board "27"]
[WhiteElo "1315"]
[BlackElo "1438"]
[PlyCount "66"]
[EventCountry "GER"]
[EventRounds "11"]
[EventType "swiss"]
[EventDate "2003.06.07"]

1. e4 c5 2. Nf3 d6 3. d4 cxd4 4. Nxd4 Nf6 5. Nc3 g6 6. Be3 Bg7 7. f3 Nc6 8. Qd2
Bd7 9. Bc4 a6 10. a3 Rc8 11. O-O-O Ne5 12. Ba2 Nc4 13. Bxc4 Rxc4 14. Bh6 Rxd4
15. Qxd4 Bxh6+ 16. Kb1 Bg7 17. Nd5 O-O 18. Nxf6+ Bxf6 19. Qd3 Qb6 20. Qb3 Qc6
21. Qd5 Qc7 22. g4 Be6 23. Qd2 Qc4 24. b3 Qc5 25. Qc1 Qc3 26. Ka2 a5 27. Rd3
Bxb3+ 28. cxb3 Qxd3 29. g5 Bg7 30. Rf1 b5 31. h4 a4 32. bxa4 bxa4 33. Qb1 Qc4+
0-1

[Event "DEM U12/U12w 2003"]
[Site "Willingen GER"]
[Date "2003.06.12"]
[Round "8"]
[White "Karmann, Anna"]
[Black "Roitzsch, Philipp"]
[Result "0-1"]
[Termination "normal"]
[Board "28"]
[WhiteElo "1275"]
[BlackElo "1612"]
[PlyCount "110"]
[WhiteFideId "24648000"]
[BlackFideId "24635529"]
[EventCountry "GER"]
[EventRounds "11"]
[EventType "swiss"]
[EventDate "2003.06.07"]

1. e4 e5 2. Nf3 Nc6 3. Bc4 Nf6 4. d3 Be7 5. Nc3 d6 6. Be3 Bg4 7. h3 Be6 8. Bb3
d5 9. exd5 Nxd5 10. Bxd5 Bxd5 11. Qe2 Bb4 12. Bd2 Bxf3 13. Qxf3 O-O 14. O-O-O
Nd4 15. Qg4 f5 16. Qh5 Qd6 17. Rde1 Rae8 18. Ne2 Bxd2+ 19. Kxd2 Qb4+ 20. Kc1
Nc6 21. Nc3 Qf4+ 22. Kb1 Qxf2 23. Rhg1 Nb4 24. Qe2 Qc5 25. a3 Nc6 26. g4 f4 27.
Ne4 Qb6 28. h4 Nd4 29. Qf1 Qc6 30. Nc3 Nf3 31. Qg2 Nxg1 32. Qxg1 f3 33. Ne4 Re7
34. g5 Qe6 35. Nf2 Rf4 36. Qg3 Qd5 37. Rf1 Kh8 38. h5 Rf5 39. Ne4 Qe6 40. Rxf3
Rxf3 41. Qxf3 Rf7 42. Qh1 Qf5 43. Ka2 Qf3 44. Qxf3 Rxf3 45. h6 gxh6 46. gxh6
Rh3 47. Ng5 Rh2 48. Kb3 Kg8 49. Ne6 Rxh6 50. Nxc7 Rd6 51. Ne8 Rb6+ 52. Ka2 Kf7
53. Nc7 Rc6 54. Nb5 h5 55. Nc3 Rxc3 0-1

[Event "DEM U12/U12w 2003"]
[Site "Willingen GER"]
[Date "2003.06.12"]
[Round "8"]
[White "Billing, Tanja"]
[Black "Doberitz, Paul"]
[Result "1/2-1/2"]
[Termination "normal"]
[Board "30"]
[WhiteElo "1226"]
[BlackElo "1526"]
[PlyCount "80"]
[WhiteFideId "24647993"]
[BlackFideId "24646130"]
[EventCountry "GER"]
[EventRounds "11"]
[EventType "swiss"]
[EventDate "2003.06.07"]

1. c4 Nf6 2. d4 c5 3. e3 g6 4. Nc3 Bg7 5. Nf3 O-O 6. Be2 cxd4 7. exd4 d5 8. b3
Nc6 9. Be3 Bf5 10. Ne5 Ne4 11. Nxc6 bxc6 12. Nxe4 Bxe4 13. f3 Bf5 14. O-O dxc4
15. Bxc4 c5 16. Rc1 cxd4 17. Bf2 d3 18. Qd2 Bd4 19. g4 Bxf2+ 20. Rxf2 Be6 21.
Bxe6 fxe6 22. Rd1 Qc7 23. Qxd3 Rad8 24. Qe2 Qc6 25. Rxd8 Rxd8 26. Qc2 Qb7 27.
Qe2 Kf7 28. h3 Qc7 29. Kg2 Qf4 30. Qe4 e5 31. Qc4+ Kf8 32. Qc7 Qd4 33. Qc6 a5
34. Qe4 Kf7 35. Re2 Kf6 36. h4 Qd6 37. g5+ Kf7 38. Kg3 Ke6 39. Qg4+ Kf7 40. Qe4
Ke6 1/2-1/2

[Event "DEM U12/U12w 2003"]
[Site "Willingen GER"]
[Date "2003.06.12"]
[Round "8"]
[White "Oltzen, Samuel David"]
[Black "Göbel, Florian"]
[Result "1/2-1/2"]
[Termination "normal"]
[Board "32"]
[WhiteElo "1367"]
[BlackElo "1180"]
[PlyCount "114"]
[EventCountry "GER"]
[EventRounds "11"]
[EventType "swiss"]
[EventDate "2003.06.07"]

1. e4 c5 2. c3 e6 3. d4 cxd4 4. cxd4 Nf6 5. Nc3 Bb4 6. Bd3 Qc7 7. Bd2 a6 8. Rc1
Nc6 9. Nf3 d5 10. exd5 Bxc3 11. bxc3 Nxd5 12. O-O O-O 13. Qc2 h6 14. Rb1 Rd8
15. Qc1 Qe7 16. Re1 Qf6 17. Qd1 Nf4 18. Bxf4 Qxf4 19. Qe2 b5 20. Be4 Bb7 21. c4
Qc7 22. Bxc6 Bxc6 23. Rec1 Bxf3 24. gxf3 Rac8 25. cxb5 Qxc1+ 26. Rxc1 Rxc1+ 27.
Kg2 axb5 28. Qxb5 Rc2 29. Qa4 Rd2 30. d5 R2xd5 31. a3 Rd2 32. Qb5 Ra2 33. a4
Ra8 34. Qc6 R2xa4 35. Qb5 R4a5 36. Qb4 Rg5+ 37. Kf1 Ra1+ 38. Ke2 Re5+ 39. Kd3
Rd1+ 40. Kc2 Rdd5 41. Qb8+ Kh7 42. Qb1 Rb5 43. Qf1 Rec5+ 44. Kd2 Rb2+ 45. Ke3
Rcc2 46. Qd3+ g6 47. Qd7 Re2+ 48. Kf4 e5+ 49. Kg3 Kg7 50. Qd5 Rxf2 51. Qxe5+
Kh7 52. Qf6 Rg2+ 53. Kf4 g5+ 54. Ke3 Rge2+ 55. Kd3 Rbd2+ 56. Kc3 Rc2+ 57. Kd3
Red2+ 1/2-1/2

[Event "DEM U12/U12w 2003"]
[Site "Willingen GER"]
[Date "2003.06.12"]
[Round "8"]
[White "Reipschläger, Tom"]
[Black "Friedt, Edmund"]
[Result "1/2-1/2"]
[Termination "normal"]
[Board "34"]
[WhiteElo "1099"]
[BlackElo "1306"]
[PlyCount "31"]
[BlackFideId "24629545"]
[EventCountry "GER"]
[EventRounds "11"]
[EventType "swiss"]
[EventDate "2003.06.07"]

1. d4 d5 2. e3 Nf6 3. c4 e6 4. Nf3 Nc6 5. b3 b6 6. Nc3 Bb4 7. Bb2 Bb7 8. Be2
O-O 9. O-O h6 10. a3 Bd6 11. Rc1 dxc4 12. bxc4 Qe7 13. Nb5 Rfd8 14. Qc2 a6 15.
Nxd6 cxd6 16. Rfd1 1/2-1/2

[Event "DEM U12/U12w 2003"]
[Site "Willingen GER"]
[Date "2003.06.12"]
[Round "8"]
[White "Stelter, Frederik"]
[Black "Zikeli, Julia"]
[Result "1-0"]
[Termination "normal"]
[Board "35"]
[WhiteElo "1157"]
[BlackElo "1420"]
[PlyCount "109"]
[BlackFideId "24622753"]
[EventCountry "GER"]
[EventRounds "11"]
[EventType "swiss"]
[EventDate "2003.06.07"]

1. c4 e6 2. Nc3 d5 3. d4 Nf6 4. Nf3 Nbd7 5. Bf4 c6 6. e3 Be7 7. Rc1 O-O 8. a3
a6 9. Bd3 dxc4 10. Bxc4 b5 11. Bd3 c5 12. dxc5 Nxc5 13. Bc2 Bb7 14. O-O Qxd1
15. Rcxd1 Rad8 16. Bg5 h6 17. Bh4 Bc6 18. b4 Nb7 19. e4 Rxd1 20. Rxd1 Rd8 21.
e5 Rxd1+ 22. Bxd1 Bxf3 23. Bxf3 g5 24. exf6 Bxf6 25. Bg3 Nd8 26. Nb1 e5 27. Kf1
Ne6 28. Bb7 Nc7 29. Ke2 Kf8 30. Ke3 Ke7 31. Ke4 Ke6 32. Nc3 Bg7 33. h3 f5+ 34.
Kf3 e4+ 35. Nxe4 fxe4+ 36. Kxe4 Kd7 37. Bxc7 Kxc7 38. Bxa6 Kb6 39. Bc8 Bb2 40.
Kf5 Bxa3 41. Kg6 Bxb4 42. Kxh6 Bd2 43. Kh5 b4 44. h4 gxh4 45. Kxh4 b3 46. Bf5
Kb5 47. g4 Kb4 48. g5 Ka3 49. g6 Bc3 50. Kh5 Ka2 51. Kh6 b2 52. g7 Bxg7+ 53.
Kxg7 b1=Q 54. Bxb1+ Kxb1 55. f4 1-0

[Event "DEM U12/U12w 2003"]
[Site "Willingen GER"]
[Date "2003.06.12"]
[Round "8"]
[White "Büchner, Felix"]
[Black "Mijatovic, Andrea"]
[Result "1-0"]
[Termination "normal"]
[Board "36"]
[WhiteElo "1229"]
[BlackElo "1408"]
[PlyCount "43"]
[BlackFideId "14514524"]
[EventCountry "GER"]
[EventRounds "11"]
[EventType "swiss"]
[EventDate "2003.06.07"]

1. e4 c5 2. Nf3 Nc6 3. d4 cxd4 4. Nxd4 Nf6 5. Nc3 e5 6. Ndb5 d6 7. Na3 a6 8.
Nc4 b5 9. Ne3 Be7 10. Ned5 O-O 11. Nxf6+ Bxf6 12. Nd5 Be6 13. Be3 Bg5 14. Bxg5
Qxg5 15. Nc7 Rad8 16. Nxa6 Bc4 17. c3 Bxf1 18. Kxf1 f5 19. Qd5+ Kh8 20. Qxc6
fxe4 21. Qxe4 Rf4 22. Qe3 1-0

[Event "DEM U12/U12w 2003"]
[Site "Willingen GER"]
[Date "2003.06.12"]
[Round "8"]
[White "Mertens, Pauline"]
[Black "Schultheiß, Vera"]
[Result "1-0"]
[Termination "normal"]
[Board "37"]
[WhiteElo "1353"]
[BlackElo "1046"]
[PlyCount "151"]
[WhiteFideId "24671959"]
[EventCountry "GER"]
[EventRounds "11"]
[EventType "swiss"]
[EventDate "2003.06.07"]

1. e4 e5 2. Nf3 Nc6 3. d4 exd4 4. Nxd4 Bc5 5. Nb3 Bb6 6. a4 a5 7. Nc3 d6 8. Nd5
Ba7 9. Be3 Be6 10. Bxa7 Rxa7 11. Bc4 Nf6 12. Nxf6+ Qxf6 13. Bxe6 Qxe6 14. O-O
O-O 15. Qd3 Nb4 16. Nd4 Nxd3 17. Nxe6 fxe6 18. cxd3 c5 19. f4 b6 20. g4 g6 21.
Kg2 h5 22. h3 h4 23. Rf3 Raf7 24. Raf1 Kg7 25. f5 exf5 26. gxf5 g5 27. b3 Rf6
28. R3f2 Rc8 29. Kf3 Kh6 30. Kg4 Re8 31. Re1 Re5 32. Ree2 Re7 33. Rd2 Re5 34.
Rfe2 Re8 35. d4 cxd4 36. Rxd4 Rc8 37. Rd3 Rcf8 38. Rf3 R8f7 39. e5 dxe5 40.
Rxe5 Rf8 41. Re6 Rxe6 42. fxe6 Re8 43. Re3 Kg6 44. e7 Kf6 45. Re2 Kg6 46. Re5
Kf6 47. Rf5+ Kxe7 48. Re5+ Kf7 49. Rxe8 Kxe8 50. Kxg5 Kf7 51. Kxh4 Kg6 52. Kg4
Kf6 53. Kf4 Ke6 54. Ke4 Kd6 55. Kd4 Kc6 56. h4 Kd7 57. Kc4 Ke6 58. Kb5 Kf6 59.
Kxb6 Kg6 60. Kxa5 Kh5 61. b4 Kxh4 62. b5 Kg5 63. b6 Kf6 64. b7 Ke7 65. b8=Q Ke6
66. Kb5 Kd7 67. a5 Ke6 68. a6 Kd7 69. a7 Ke6 70. a8=R Kd7 71. Ra7+ Ke6 72. Qd8
Kf5 73. Re7 Kf6 74. Qf8+ Kg6 75. Rg7+ Kh6 76. Qh8# 1-0

[Event "DEM U12/U12w 2003"]
[Site "Willingen GER"]
[Date "2003.06.12"]
[Round "8"]
[White "van Orsouw, Svenja"]
[Black "Tschikischew, Jürgen"]
[Result "0-1"]
[Termination "normal"]
[Board "38"]
[WhiteElo "1311"]
[BlackElo "1249"]
[PlyCount "78"]
[WhiteFideId "24677124"]
[EventCountry "GER"]
[EventRounds "11"]
[EventType "swiss"]
[EventDate "2003.06.07"]

1. e4 d6 2. d4 Nf6 3. Nc3 g6 4. Be3 Bg7 5. Nf3 O-O 6. Bc4 Re8 7. h3 e5 8. d5 c6
9. Qd2 Qc7 10. Bb3 a6 11. Rd1 Rd8 12. Na4 Nbd7 13. Qd3 b5 14. Nc3 c5 15. Nxb5
axb5 16. Qxb5 Ba6 17. Qc6 Rdc8 18. Ba4 Bb7 19. Qxc7 Rxc7 20. Bxd7 Rxd7 21. Nd2
Rxa2 22. Rb1 Ba6 23. c4 Rb7 24. b3 Rb8 25. f3 Rf8 26. O-O Nh5 27. Ra1 Rxa1 28.
Rxa1 Bc8 29. Kf2 f5 30. Ra7 f4 31. Bxc5 dxc5 32. Rc7 Ba6 33. Rxc5 Bf6 34. d6
Bd8 35. Rd5 Re8 36. c5 Nf6 37. d7 Re7 38. Rd6 Rxd7 39. Rxd7 Nxd7 0-1

[Event "DEM U12/U12w 2003"]
[Site "Willingen GER"]
[Date "2003.06.12"]
[Round "8"]
[White "Göpel, Martin"]
[Black "Frey, Alisa"]
[Result "1/2-1/2"]
[Termination "normal"]
[Board "39"]
[WhiteElo "1476"]
[BlackElo "1138"]
[PlyCount "55"]
[BlackFideId "24634662"]
[EventCountry "GER"]
[EventRounds "11"]
[EventType "swiss"]
[EventDate "2003.06.07"]

1. e4 e5 2. Nf3 Nc6 3. Bc4 Bc5 4. c3 Nf6 5. d3 d6 6. O-O Bg4 7. b4 Bb6 8. a4 a6
9. h3 Bh5 10. Nbd2 O-O 11. Qb3 h6 12. Bb2 Qe7 13. Rfe1 Qd7 14. d4 Rad8 15. d5
Ne7 16. Be2 Bxf3 17. Bxf3 Ng6 18. Bd1 Nf4 19. c4 Qe7 20. Qf3 Nd7 21. Nf1 Qg5
22. Ng3 Qf6 23. Nf5 Qg5 24. Kh2 g6 25. Ng3 h5 26. Bc1 Qf6 27. Nf1 Qh4 28. Bxf4
1/2-1/2

[Event "DEM U12/U12w 2003"]
[Site "Willingen GER"]
[Date "2003.06.12"]
[Round "8"]
[White "Thewes, Johannes"]
[Black "Perlick, Maria"]
[Result "0-1"]
[Termination "normal"]
[Board "40"]
[WhiteElo "903"]
[BlackElo "1397"]
[PlyCount "72"]
[WhiteFideId "4624823"]
[EventCountry "GER"]
[EventRounds "11"]
[EventType "swiss"]
[EventDate "2003.06.07"]

1. e4 e6 2. d4 d5 3. exd5 exd5 4. Bd3 Nf6 5. Nf3 Bg4 6. Bg5 Be7 7. O-O Nbd7 8.
Nbd2 O-O 9. Re1 Re8 10. c3 h6 11. Bh4 a6 12. Qc2 c5 13. dxc5 Bxc5 14. h3 Bxf3
15. Nxf3 Qb6 16. Rad1 Qc6 17. Qb3 Ne4 18. Bxe4 dxe4 19. Nd4 Bxd4 20. cxd4 b5
21. Rd2 Nb6 22. Qb4 Nc4 23. Rc2 Qd5 24. b3 Nd6 25. Rc5 Qe6 26. Rc6 Rad8 27.
Bxd8 Rxd8 28. f3 e3 29. Rxa6 e2 30. Kf2 Qd5 31. Rxe2 Nf5 32. g4 Nxd4 33. Rd2
Qxf3+ 34. Kg1 Ne2+ 35. Rxe2 Qxe2 36. Rd6 Qe3+ 0-1

[Event "DEM U12/U12w 2003"]
[Site "Willingen GER"]
[Date "2003.06.12"]
[Round "8"]
[White "Becher, Anne"]
[Black "Eckoldt, Katja"]
[Result "0-1"]
[Termination "normal"]
[Board "42"]
[WhiteElo "1294"]
[BlackElo "979"]
[PlyCount "118"]
[EventCountry "GER"]
[EventRounds "11"]
[EventType "swiss"]
[EventDate "2003.06.07"]

1. d4 d5 2. e4 dxe4 3. Nc3 Nf6 4. f3 exf3 5. Qxf3 e6 6. Be3 Be7 7. O-O-O c6 8.
Bc4 O-O 9. Nge2 Qc7 10. h4 b5 11. Bb3 a5 12. a4 b4 13. Ne4 Nxe4 14. Qxe4 Bb7
15. Qd3 Rd8 16. Bf4 Qd7 17. g4 c5 18. dxc5 Qxd3 19. Rxd3 Rxd3 20. cxd3 Bxh1 21.
d4 Bf3 22. Kd2 Bxe2 23. Kxe2 Bxh4 24. Bc2 Nd7 25. Be4 Rd8 26. c6 Nb6 27. c7
Rxd4 28. Ke3 Rxe4+ 29. Kxe4 Nc8 30. Kd4 Bf6+ 31. Kc5 Bxb2 32. Kc4 e5 33. Bg3 f6
34. Kb3 Bd4 35. Bh2 Bb6 36. Kc4 Bxc7 37. Kb3 Bb6 38. Kc4 Bd4 39. Kb3 Bc3 40.
Kc4 e4 41. Bf4 Nb6+ 42. Kb3 Nd5 43. Bd6 e3 44. Kc4 e2 45. Kxd5 e1=Q 46. Kc4
Qe4+ 47. Kb3 Qd5+ 48. Kc2 Qxd6 49. Kb3 Qd5+ 50. Kc2 Qa2+ 51. Kd3 Qd2+ 52. Kc4
Qd4+ 53. Kb5 b3 54. Ka6 Kf7 55. Kb5 Ke6 56. Ka6 Kd7 57. Kb5 Kc7 58. g5 fxg5 59.
Ka6 Qb6# 0-1

[Event "DEM U12/U12w 2003"]
[Site "Willingen GER"]
[Date "2003.06.12"]
[Round "8"]
[White "Wisheckel, Lena"]
[Black "Prosch, Julia"]
[Result "1-0"]
[Termination "normal"]
[Board "43"]
[WhiteElo "1242"]
[BlackElo "1003"]
[PlyCount "41"]
[WhiteFideId "24691992"]
[EventCountry "GER"]
[EventRounds "11"]
[EventType "swiss"]
[EventDate "2003.06.07"]

1. e4 e5 2. Nf3 Nc6 3. Nc3 Bc5 4. Nxe5 Nxe5 5. d4 Bxd4 6. Qxd4 Qf6 7. Qd1 Ne7
8. Be2 d6 9. h3 Bd7 10. Be3 O-O 11. Qd2 N7c6 12. Nd5 Qd8 13. O-O-O Be6 14. f4
Nd7 15. a3 f5 16. Nc3 fxe4 17. Nxe4 Qe8 18. Ng5 h6 19. Nxe6 Qxe6 20. b3 Rae8
21. Bc4 1-0

[Event "DEM U12/U12w 2003"]
[Site "Willingen GER"]
[Date "2003.06.12"]
[Round "8"]
[White "Hort, Maria"]
[Black "Völsgen, Georg"]
[Result "0-1"]
[Termination "normal"]
[Board "44"]
[WhiteElo "966"]
[BlackElo "1159"]
[PlyCount "60"]
[BlackFideId "24635901"]
[EventCountry "GER"]
[EventRounds "11"]
[EventType "swiss"]
[EventDate "2003.06.07"]

1. e4 e5 2. Nf3 Nc6 3. Bb5 Nf6 4. d3 d6 5. Nc3 Be7 6. O-O O-O 7. Bg5 h6 8. Bxf6
Bxf6 9. Nd5 Bg4 10. h3 Bh5 11. Re1 Nd4 12. g4 Bxg4 13. hxg4 Nxb5 14. c3 c6 15.
Nb4 Qd7 16. Nh2 Nc7 17. f3 Ne6 18. Nf1 Nf4 19. Ne3 Nh3+ 20. Kh2 Nf4 21. Kg1 Bh4
22. Nf5 Bxe1 23. Qxe1 Qd8 24. Qf2 Nh3+ 25. Kg2 Nxf2 26. Kxf2 g6 27. Ng3 Kg7 28.
Rh1 Qg5 29. Ne2 Qd2 30. Re1 a5 0-1

[Event "DEM U12/U12w 2003"]
[Site "Willingen GER"]
[Date "2003.06.13"]
[Round "10"]
[White "Müller, Reinhold"]
[Black "Geske, Julian"]
[Result "1/2-1/2"]
[Termination "normal"]
[Board "1"]
[WhiteElo "2003"]
[BlackElo "1733"]
[PlyCount "126"]
[WhiteFideId "24605875"]
[BlackFideId "24605263"]
[EventCountry "GER"]
[EventRounds "11"]
[EventType "swiss"]
[EventDate "2003.06.07"]

1. d4 Nf6 2. Nf3 g6 3. Bg5 Bg7 4. Nc3 d5 5. e3 Nbd7 6. Bd3 O-O 7. O-O c5 8. Re1
Qc7 9. Bf1 a6 10. a4 cxd4 11. exd4 e6 12. Qd2 Re8 13. Bh6 Bh8 14. Ne5 Nxe5 15.
dxe5 Ng4 16. Bf4 Nxe5 17. Nd1 Nc4 18. Bxc4 Qxc4 19. Be5 Bd7 20. Bxh8 Kxh8 21.
Ne3 Qc7 22. Ng4 e5 23. Nf6 Re6 24. Nxd5 Qd6 25. Re3 Bc6 26. Rd3 e4 27. Rd4 Rd8
28. Rd1 Bxd5 29. Rxd5 Qxd5 30. Qxd5 Rxd5 31. Rxd5 Rc6 32. Rd2 Kg7 33. Kf1 Kf6
34. Ke2 Ke5 35. g3 f5 36. Kd1 g5 37. Rd7 Rd6+ 38. Rxd6 Kxd6 39. Ke2 Ke5 40. c3
f4 41. b3 a5 42. g4 Kd5 43. Kd2 Kc5 44. Kc2 h6 45. h3 b5 46. axb5 Kxb5 47. Kd2
a4 48. c4+ Kb4 49. bxa4 Kxc4 50. a5 Kb5 51. Kc3 Kxa5 52. Kd4 Kb4 53. Kxe4 Kc3
54. h4 Kd2 55. hxg5 hxg5 56. Kf5 Ke2 57. Kxg5 f3 58. Kh6 Kxf2 59. g5 Ke3 60. g6
f2 61. g7 f1=Q 62. g8=Q Qh3+ 63. Kg7 Qg4+ 1/2-1/2

[Event "DEM U12/U12w 2003"]
[Site "Willingen GER"]
[Date "2003.06.13"]
[Round "10"]
[White "Zehnter, Sebastian"]
[Black "Savchenko, Aleksij"]
[Result "1/2-1/2"]
[Termination "normal"]
[Board "2"]
[WhiteElo "1750"]
[BlackElo "1774"]
[PlyCount "89"]
[WhiteFideId "24608670"]
[BlackFideId "24611727"]
[EventCountry "GER"]
[EventRounds "11"]
[EventType "swiss"]
[EventDate "2003.06.07"]

1. d4 d5 2. Nf3 Nf6 3. c4 e6 4. Bg5 Be7 5. Nc3 c5 6. dxc5 dxc4 7. Qxd8+ Bxd8 8.
e3 Na6 9. Bxc4 Nxc5 10. O-O O-O 11. Rfd1 h6 12. Bh4 Be7 13. Rac1 b6 14. Be2 Bb7
15. Ne5 Rfd8 16. Nd3 Rac8 17. Nxc5 Rxc5 18. Rxd8+ Bxd8 19. Rd1 Be7 20. h3 Kf8
21. Bg3 Ne4 22. Nxe4 Bxe4 23. Rd2 Rc1+ 24. Kh2 Bd5 25. a3 Bf6 26. Bd6+ Kg8 27.
Bd3 a5 28. Bb8 g6 29. Bd6 h5 30. Be2 Rb1 31. Bc7 Bxb2 32. Bd3 Rc1 33. Bxb6 Be5+
34. f4 Bc3 35. Rc2 Rxc2 36. Bxc2 Bc6 37. Kg1 Kf8 38. Kf2 Ke7 39. Bb3 Kf6 40.
Bd8+ Kg7 41. g4 hxg4 42. hxg4 Kf8 43. Bb6 Ke7 44. Bc5+ Kd7 45. f5 1/2-1/2

[Event "DEM U12/U12w 2003"]
[Site "Willingen GER"]
[Date "2003.06.13"]
[Round "10"]
[White "Seyb, Alexander"]
[Black "Fischer, Thomas"]
[Result "1/2-1/2"]
[Termination "normal"]
[Board "3"]
[WhiteElo "1807"]
[BlackElo "1671"]
[PlyCount "45"]
[WhiteFideId "4699033"]
[BlackFideId "4683277"]
[EventCountry "GER"]
[EventRounds "11"]
[EventType "swiss"]
[EventDate "2003.06.07"]

1. e4 e6 2. d4 d5 3. Nc3 dxe4 4. Nxe4 Bd7 5. c3 Bc6 6. Qc2 Bxe4 7. Qxe4 c6 8.
Bd3 Nf6 9. Qe2 Be7 10. f4 Nbd7 11. Nf3 O-O 12. Bd2 c5 13. O-O-O cxd4 14. Nxd4
Nc5 15. Bc2 Qa5 16. Kb1 Qa6 17. Qf3 b5 18. f5 e5 19. Nb3 Qb7 20. Qe2 Nce4 21.
Be1 a5 22. g4 a4 23. Nc1 1/2-1/2

[Event "DEM U12/U12w 2003"]
[Site "Willingen GER"]
[Date "2003.06.13"]
[Round "10"]
[White "Jorczik, Julian"]
[Black "Wendling, Hannes"]
[Result "1-0"]
[Termination "normal"]
[Board "4"]
[WhiteElo "1682"]
[BlackElo "1652"]
[PlyCount "43"]
[WhiteFideId "24611719"]
[BlackFideId "24624284"]
[EventCountry "GER"]
[EventRounds "11"]
[EventType "swiss"]
[EventDate "2003.06.07"]

1. d4 d5 2. c4 e6 3. Nc3 Be7 4. Nf3 Nf6 5. Bg5 Nbd7 6. e3 O-O 7. Bd3 a6 8. a4
h6 9. Bh4 b6 10. O-O Bb7 11. Rc1 dxc4 12. Bxc4 c5 13. Qe2 Qc7 14. Bg3 Bd6 15.
Bxd6 Qxd6 16. Rfd1 Qc7 17. e4 cxd4 18. Nxd4 Ne5 19. Ba2 Qe7 20. f4 Ng6 21. Qd3
Nd7 22. f5 1-0

[Event "DEM U12/U12w 2003"]
[Site "Willingen GER"]
[Date "2003.06.13"]
[Round "10"]
[White "Bigalke, Tobias"]
[Black "Scharnowski, Tobias"]
[Result "0-1"]
[Termination "normal"]
[Board "5"]
[WhiteElo "1767"]
[BlackElo "1658"]
[PlyCount "82"]
[WhiteFideId "4698282"]
[BlackFideId "24620424"]
[EventCountry "GER"]
[EventRounds "11"]
[EventType "swiss"]
[EventDate "2003.06.07"]

1. e4 c5 2. Nf3 e6 3. d4 cxd4 4. Nxd4 Nf6 5. Be3 Nc6 6. Bd3 d5 7. exd5 Nxd5 8.
Nxc6 bxc6 9. O-O Be7 10. Bd2 a5 11. Qe2 Qb6 12. b3 Bf6 13. c3 O-O 14. Rc1 a4
15. Na3 Ba6 16. Nc4 Bxc4 17. Bxc4 axb3 18. Bxb3 Rfb8 19. Rab1 Qc7 20. Qf3 Rd8
21. c4 Ne7 22. Bc3 Bxc3 23. Qxc3 c5 24. Rb2 Nc6 25. Bc2 Nd4 26. Bd1 Ra6 27. Bf3
Qe5 28. Bd1 Ra3 29. Rb3 Rxa2 30. Rcb1 g6 31. g3 Qf5 32. R3b2 Rxb2 33. Qxb2 Qd3
34. Qb6 Rc8 35. Qb7 Rf8 36. Rc1 Qd2 37. Rb1 Qc3 38. Qa6 Nf5 39. Kg2 Qd4 40. Qb5
Nd6 41. Qa4 Qe4+ 0-1

[Event "DEM U12/U12w 2003"]
[Site "Willingen GER"]
[Date "2003.06.13"]
[Round "10"]
[White "Jussupow, Ekaterina"]
[Black "Nuber, Blasius"]
[Result "1/2-1/2"]
[Termination "normal"]
[Board "6"]
[WhiteElo "1709"]
[BlackElo "1560"]
[PlyCount "53"]
[WhiteFideId "24625400"]
[BlackFideId "24620289"]
[EventCountry "GER"]
[EventRounds "11"]
[EventType "swiss"]
[EventDate "2003.06.07"]

1. d4 d5 2. Nf3 Nf6 3. e3 Bf5 4. c4 c6 5. Nc3 e6 6. c5 Be7 7. Be2 Nbd7 8. O-O
O-O 9. b4 Qc7 10. Nh4 Ne4 11. Nxf5 exf5 12. Nxe4 fxe4 13. a4 f5 14. Bd2 g5 15.
f4 g4 16. Qc2 h5 17. Rfb1 Rfb8 18. b5 a6 19. bxa6 bxa6 20. Rxb8+ Nxb8 21. Rb1
Nd7 22. Rb3 Ra7 23. Qb1 a5 24. Bc3 Bd8 25. Qb2 Kf7 26. Bb5 Kg7 27. Be2 1/2-1/2

[Event "DEM U12/U12w 2003"]
[Site "Willingen GER"]
[Date "2003.06.13"]
[Round "10"]
[White "Geilfuss, Albert"]
[Black "Mazarov, Jürgen"]
[Result "1/2-1/2"]
[Termination "normal"]
[Board "7"]
[WhiteElo "1640"]
[BlackElo "1684"]
[PlyCount "63"]
[BlackFideId "24617768"]
[EventCountry "GER"]
[EventRounds "11"]
[EventType "swiss"]
[EventDate "2003.06.07"]

1. e4 e5 2. Nf3 Nf6 3. Nxe5 d6 4. Nf3 Nxe4 5. d4 d5 6. Bd3 Nc6 7. a3 Be7 8. c4
Nf6 9. h3 O-O 10. O-O dxc4 11. Bxc4 Nd5 12. Nc3 Be6 13. Bb5 a6 14. Bxc6 bxc6
15. Ne5 Nxc3 16. bxc3 c5 17. Nc6 Qd7 18. Nxe7+ Qxe7 19. a4 Rfd8 20. Ba3 Qg5 21.
f4 Qg6 22. Bxc5 Bxh3 23. Qf3 Bf5 24. Rfe1 Re8 25. Be7 Rab8 26. a5 c6 27. Re3
Bg4 28. Qf1 Be6 29. Bb4 Bd5 30. Rae1 Re4 31. Rxe4 Bxe4 32. Qf2 1/2-1/2